000 00625nam a2200169 a 4500
001 000045285
005 20201002050030.0
008 150224s1969 dr a 000 0 spa d
040 _aDO-SdBNP
_bspa
_cBNPHU
082 _axxxx
_bxxxx
100 1 _aPuig Ortiz, José Augusto
_953284
245 1 0 _aPor el patrimonio histórico-cultural de Puerto Plata /
_cJosé Augusto Puig Ortiz.
260 _aSanto Domingo :
_bDel Caribe,
_c1969.
300 _a41 p. :
_bil. ;
_c23 cm.
500 _aIncluye referencias bibliográficas y notas al pie de las páginas.
590 _aPerteneció a la biblioteca personal del Dr. Guaroa Ginebra H.
999 _c44774
_d44774